000 01315nam a2200349Ia 4500
005 20220317001555.0
007 ta
008 210824r20162018ck a br 000 jdspa d
020 _a9789589002186
040 _aCO-BoRNBP
_bspa
_cCO-BoRNBP
_erda
041 0 _aspa
084 _aC VAS1
100 1 _aVasco, Irene
_d1952-
_eautora
245 1 3 _aEl dedo de Estefanía y otros cuentos
_cIrene Vasco ; ilustraciones de Esperanza Vallejo
250 _aPrimera edición
_bTercera reimpresión
264 1 _aBogotá
_bEdiciones Santillana
_bLoqueleo
_c2016
_c2018
300 _a52 páginas
_bilustraciones
_c19 cm.
336 _atexto
_btxt
_2rdacontent
337 _asin mediación
_bn
_2rdamedia
338 _avolumen
_bnc
_2rdacarrier
490 0 _aNarrativa 5+
521 _aRecomendado para un público infantil mayor de 6 años
545 _aIncluye nota biográfica de la autora e ilustradora al final del texto
650 1 7 _aCuentos infantiles colombianos
_ySiglo XX
_2LEMB
650 1 7 _aLiteratura infantil colombiana
_ySiglo XX
_2LEMB
650 1 7 _aAutores colombianos
_ySiglo XX
_2LEMB
650 1 7 _aMagia
_vCuentos
_2LEMB
650 1 4 _aSupersticiones
_vCuentos
_2LEMB
650 1 4 _aMadres e hijos
_vCuentos
_2LEMB
700 1 _aVallejo Jaramillo, Esperanza
_d1951-
_eIlustradora
_910731
942 _2loc
_cBKLIT
999 _c7410
_d7410